Effectif Chelsea saison 2024/2025 - Statistiques

Statistiques générales
  • Ce quiz a été pris 2 930 fois
    455 depuis la dernière actualisation
  • Le résultat moyen est 19 sur 32
Statistiques - réponses
Hint Réponse % Correct
A Cole Palmer
92%
M Enzo Fernandez
83%
A Nicolas Jackson
82%
G Robert Sánchez
82%
M Moisés Caicedo
78%
D Reece James
78%
D Marc Cucurella
76%
D Axel Disasi
75%
D Malo Gusto
75%
D Benoît Badiashile
71%
A Christopher Nkunku
71%
A Noni Madueke
68%
A Datro Fofana
67%
Coach Enzo Maresca
67%
D Wesley Fofana
67%
A Pedro Neto
65%
D Levi Colwill
61%
A Mykhaïlo Mudryk
60%
M Roméo Lavia
57%
A Jadon Sancho
56%
G Filip Jörgensen
54%
D Ben Chilwell
53%
A João Félix
50%
A Marc Guiu
50%
M Kiernan Dewsbury-Hall
42%
M Carney Chukwuemeka
35%
D Tosin Adarabioyo
33%
G Marcus Bettinelli
29%
D Renato Veiga
29%
M Cesare Casadei
19%
G Lucas Bergström
17%
M Omari Kellyman
7%
Aucun quiz correspondant
Distribution des résultats
% des personnes avec chaque résultat
Percentile par nombre de réponses
Votre historique - résultats
Vous n’avez pas pris ce quiz depuis la dernière actualisation